000
00290nam a2200109Ia 4500
008
231129s9999||||xx |||||||||||||| ||spa||
082
_a
Co861 R436l
100
_a
Restrepo Juan
245
0
_a
El leño de los sonidos
264
_a
Bogotá Colombia : Tercer Mundo Editores
942
_2
ddc
_c
BKS
999
_c
11478
_d
11478